00573 a2200181 450000100060000002000180000604000220002410000260004624000170007224500120008930000080010136200090010965000310011894200070014995201090015695201090026599900170037465686 a9788580574029 cAnchieta - Pituba aGraves, Tracey Garvis10aNa ilhalpor10aNa ilha a2850 a2013 4aFicção norte-americana cBK 00104070a91.1b91.1d2023-11-21l0o813 G776n GRA NAIp20432/PITr2023-11-21 18:34:01w2023-11-21yBK 00104070a91.1b91.1d2023-11-21l0o813 G776n GRA NAIp20433/PITr2023-11-21 18:34:01w2023-11-21yBK c65686d65686